000 00569nam a22001817a 4500
005 20160729153441.0
010 _aENG-115584
020 _a9788123774077
_c295.00
035 _aEN-99116
037 _bDBAD/PUB
082 _a891.437
100 _aSheela Indra
245 _aWomen of my past /
_cby Sheela Indra ;trancleted by Abha Sah
260 _aNew Delhi
_bNational Book Trust
_c2015
270 _aNehru Bhawan,5 Industrail Area,Phase-II,Vasant Kunj
_bNew Delhi
_e110070
300 _a326p. :
_bill
_c21cm(pbk)
942 _2ddc
_cEN
_h891.437
_mSHE
999 _c101626
_d101626